| 000 | 00971 a2200157 4500 | ||
|---|---|---|---|
| 003 | Nust | ||
| 005 | 20230213120212.0 | ||
| 040 | _cNust | ||
| 082 | _a954.92,JAC | ||
| 100 |
_aLT Gen J F R Jacob _9108989 |
||
| 245 |
_aSurrender at Dacca, Birth of a Nation / _cLt Gen J F R Jacob |
||
| 260 |
_a1997 _bAjay kumar Jain _c1997 |
||
| 300 | _a263 pages | ||
| 505 | _aAcknowledgements (Page-6), Preface (Page-9), Early Years (Page-12), Prelude to War (Page-30), Political Developments (Page-40), Higher Command and Organization (Page-50), Evolution of Plans (Page-55), Strategy (Page-59), Logistics (Page-78), Pakistani order of battle (Page-84), Property Move and training (Page-86), Mukati Bahini (Page-90), American and Chinese Moves (Page-95), War (Page-101), Progress of Operations (page-105), Aftermath of War (Page-149), Dramaties Personae (Page-153), Lessons (Page-157), Re selections (Page-164), Envoi (Page-168), Appendices (Page-169). | ||
| 942 |
_2ddc _cBK _k954.92,JAC |
||
| 999 |
_c194052 _d194052 |
||